| 000 | 00633nam a2200181 a 4500 | ||
|---|---|---|---|
| 005 | 20240507063733.0 | ||
| 008 | 991125s1937 mx 000 0 spa u | ||
| 035 | _aUPN01000014709 | ||
| 049 | _aLT | ||
| 050 | 4 |
_aLB1573 M6.2 _bG3.2 |
|
| 100 | 1 |
_aGamboa Berzunza, Fernando, _d1897-1970 _928877 |
|
| 245 | 1 | 0 |
_aDespierta : _blibro cuarto de lectura : para el segundo ciclo de enseñanza primaria / _cFernando Gamboa Berzunza. |
| 260 |
_aMéxico : _bPluma y Lápiz, _c1937. |
||
| 300 |
_a238 p. : _bil. |
||
| 650 | 4 |
_aLectura _xEstudio y enseñanza (Elemental) _92805 |
|
| 650 | 4 |
_aSocialismo y educación _zMéxico _910059 |
|
| 905 | _aLibro | ||
| 999 |
_c14709 _d14709 |
||